01043 2200349 4500001002100000005001500021035002000036007000300056008004100059020002200100020003100122040002200153082001400175084001600189090002000205090002200225100002600247245009800273250002000371300005900391650001600450700002800466850001200494041000800506504003100514264003000545336002100575337003000596338002300626999002200649990002200671INLIS00000000084537320190724023037 a0010-0419000232ta190404s2019 yoia g ind d a978-602-53471-6-0 a987-602-53471-7-7 (e-ISBN) aYOPDYOGbinderda04223a615.1 a615.1 HAR h aDEP 615.1 HAR h aCB-D.11 2018-11390 aHari Purnomoepenulis0 aHubungan kuantitatif struktur dan aktivitas /cpenulis, Hari Purnomo; editor, Anindhita Raras aCetakan pertama a178 halaman :bilustrasi berwarna, gambar ;c23 cmeCD 4aFarmakologi0 aAnindhita Raraseeditor aYOPDYOG0 aind aBibliografi: halaman [161] 1aYogyakarta :bAndi,c2018 2rdacontentateks 2rdamediaatanpa perantara 2rdacarrieravolume aCB-D.11/2018-1139 aCB-D.11/2018-1139